000 00485nam a2200181Ia 4500
005 20250508153054.0
008 008 250505s9999 xx 000 0 eng d
037 _aTextual
040 _aFEDL
_beng
_cFEDL
041 _aeng
_2eng
084 _a309.51, MEN
_qFEDL
100 _aMende Tibor
245 0 _aChina and her shadow
260 _aBombay, India
_bAsia Publishing House
_c1960
300 _a360p.
942 _cTEXL
_h309.51, MEN
999 _c1340523
_d1340523